000 00829nam a2200253Ia 4500
003 OSt
005 20220923224022.0
006 a|||||r|||| 00| 0
007 ta
008 220922b |||||||| |||| 00| 0 hin d
024 _a224,091
037 _cTextual
040 _aARTS
_cARTS
_bhin
041 _2hin
_ahin
082 _aO152:g, P4
100 _aआरसु
245 0 _aहिंदी साहित्य
_b सरोकार और साक्षात्कार
246 _aHiandī sāhitya: sarokār aur sākṣhātkāra
260 _aदिल्ली
_b परमेश्वरी प्रकाशन
_c2004
300 _a253पृ.
_ccm.
650 _aहिन्दी साहित्य
_9156264
942 _hO152:g, P4
_cTEXL
_2CC
999 _c368697
_d368697